000 00372nam a2200133Ia 4500
008 240624s9999 xx 000 0 und d
041 _aeng
082 _a338.0954 MAJ
100 _aMAJUMDAR SUMIT K
245 _aINDIA S LATE LATE INDUSTRIAL REVOLUTION
260 _c2012
_aNew York
_bCambridge University Press
300 _axxv, : 426 : p. : cm. ; 22
365 _cGBP
_b50
999 _c27247
_d27247